| 000 | 00665nam a2200229Ia 4500 | ||
|---|---|---|---|
| 999 |
_c52520 _d52520 |
||
| 003 | GCL | ||
| 005 | 20240530105020.0 | ||
| 008 | 140319s1998 ua 000 0 ara d | ||
| 020 | _a9775324610 | ||
| 040 |
_aGCL / _cGCL |
||
| 082 | 0 | 4 |
_a953/ _bم م |
| 100 | 0 | _aمحمد عمارة | |
| 245 | 1 | 0 |
_aمعارك العرب ضد الغزاة / _cمحمد عمارة |
| 250 | _aط.1 | ||
| 260 |
_aالقاهرة : _bدار الرشاد ، _c1988 |
||
| 300 |
_a184 ص ؛ _c23 سم |
||
| 650 | 0 | 7 | _aالتاريخ الحربى |
| 650 | 0 | 7 |
_aالعرب _2qrmak |
| 650 | 0 | 7 |
_aالحروب _2qrmak |
| 650 | 0 | 7 |
_aالمعارك الحربية _2qrmak |
| 942 |
_2ddc _cBK |
||